Les dix éléments les plus fréquents dans notre galaxie - Statistiques

Statistiques générales
  • Ce quiz a été pris 322 fois
  • Le résultat moyen est 7 sur 10
Statistiques - réponses
Numéro atomique Réponse % Correct
1 Hydrogène
94%
8 Oxygène
94%
7 Azote
89%
6 Carbone
85%
2 Hélium
85%
26 Fer
79%
12 Magnésium
56%
16 Soufre
55%
10 Néon
54%
14 Silicium
48%
Aucun quiz correspondant
Distribution des résultats
% des personnes avec chaque résultat
Percentile par nombre de réponses
Votre historique - résultats
Vous n’avez pas pris ce quiz